La economía latinoamericana: una síntesis desde la conquista ibérica hasta la revolución cubana
محفوظ في:
| المؤلف الرئيسي: | |
|---|---|
| التنسيق: | كتاب |
| اللغة: | الإسبانية |
| منشور في: |
Santiago
Universitaria
1969
|
| سلاسل: | Estudios Internacionales
|
| الموضوعات: | |
| الوسوم: |
إضافة وسم
لا توجد وسوم, كن أول من يضع وسما على هذه التسجيلة!
|
MARC
| LEADER | 00000nam a2200000 a 4500 | ||
|---|---|---|---|
| 001 | UCY8291 | ||
| 003 | CL-VaPUC | ||
| 008 | 950703e19690000CL |||||||||||||||||spa|d | ||
| 082 | 0 | 4 | |a 330.98 |b FUR |2 21 |
| 100 | 0 | |a Furtado, Celso |e author |9 339569 | |
| 245 | 1 | 3 | |a La economía latinoamericana: una síntesis desde la conquista ibérica hasta la revolución cubana |
| 300 | |a 311 p | ||
| 942 | |c BK | ||
| 945 | |d 19950703 00:00:00 |a rbrito | ||
| 260 | |a Santiago |b Universitaria |c 1969 | ||
| 600 | 0 | 7 | |a ALALC |2 CL-VaPUC |9 339570 |
| 650 | 0 | |a Historia de la economía |9 339571 | |
| 650 | 0 | |a REFORMA AGRARIA |9 256789 | |
| 650 | 7 | |a COMERCIO INTERNACIONAL |2 CL-VaPUC |9 339572 | |
| 650 | 0 | |a Relaciones Internacionales |9 255740 | |
| 651 | 0 | |a Latinoamérica |9 316393 | |
| 583 | |a last modification |c 19950703 00:00:00 |k Rodrigo Vera | ||
| 490 | 0 | |a Estudios Internacionales | |
| 999 | |c 235562 |d 235560 | ||
| 952 | |0 0 |1 0 |4 0 |6 330_980000000000000_FUR_1969 |7 0 |8 A |9 243078 |a BIBHIS |b BIBHIS |d 2019-11-18 |i 3098893 |o 330.98 FUR 1969 |p 3098893 |r 2025-01-20 |w 2019-11-18 |y BK |k HIS | ||
| 952 | |0 0 |1 0 |4 0 |6 330_980000000000000_FUR_1969 |7 0 |8 A |9 243079 |a BIBHIS |b BIBHIS |d 2019-11-18 |i 2005433 |o 330.98 FUR 1969 |p 2005433 |r 2025-01-20 |w 2019-11-18 |y BK |k HIS | ||
| 952 | |0 0 |1 0 |4 0 |6 330_980000000000000_FUR_1969 |7 0 |8 A |9 243080 |a BIBDER |b BIBDER |d 2019-11-18 |i 1821903 |o 330.98 FUR 1969 |p 1821903 |r 2023-01-25 |w 2019-11-18 |y BK |k DER | ||
| 952 | |0 0 |1 0 |4 0 |6 330_980000000000000_FUR_1969 |7 0 |8 A |9 243081 |a BIBHIS |b BIBHIS |d 2019-11-18 |i 1348825 |o 330.98 FUR 1969 |p 1348825 |r 2025-01-20 |w 2019-11-18 |y BK |k HIS | ||
| 952 | |0 0 |1 0 |4 0 |6 330_980000000000000_FUR_1969 |7 0 |8 A |9 243082 |a BIBHIS |b BIBHIS |d 2019-11-18 |i 4500342 |o 330.98 FUR 1969 |p 4500342 |r 2025-01-20 |w 2019-11-18 |y BK |k HIS | ||